War of the Century: When Hitler Fought Stalin: (Record no. 292466)
[ view plain ]
| 000 -LEADER | |
|---|---|
| fixed length control field | 00595nam a2200181Ia 4500 |
| 008 - FIXED-LENGTH DATA ELEMENTS--GENERAL INFORMATION | |
| fixed length control field | 160319s9999 xx 000 0 und d |
| 245 ## - TITLE STATEMENT | |
| Title | War of the Century: When Hitler Fought Stalin: |
| 245 ## - TITLE STATEMENT | |
| Remainder of title | High Hopes Spiral of Terror / |
| 260 ## - PUBLICATION, DISTRIBUTION, ETC. (IMPRINT) | |
| Name of publisher, distributor, etc | Dolby Digital |
| 260 ## - PUBLICATION, DISTRIBUTION, ETC. (IMPRINT) | |
| Date of publication, distribution, etc | 2004 |
| 300 ## - PHYSICAL DESCRIPTION | |
| Extent | 1 videodisc (ca. 190 min.) : sd., b&w and col. ; 4 3/4 in. |
| 300 ## - PHYSICAL DESCRIPTION | |
| Other physical details | sound, color & black &white ; |
| 300 ## - PHYSICAL DESCRIPTION | |
| Dimensions | 4 3/4 in. |
| 650 ## - SUBJECT ADDED ENTRY--TOPICAL TERM | |
| Topical term or geographic name as entry element | Hitler, Adolf, -- 1889-1945. |
| 650 ## - SUBJECT ADDED ENTRY--TOPICAL TERM | |
| Topical term or geographic name as entry element | Stalin, Joseph, -- 1878-1953. |
| 650 ## - SUBJECT ADDED ENTRY--TOPICAL TERM | |
| Topical term or geographic name as entry element | World War, 1939-1945 -- |
| 650 ## - SUBJECT ADDED ENTRY--TOPICAL TERM | |
| General subdivision | Campaigns -- Eastern Front. |
| Withdrawn status | Lost status | Damaged status | Home library | Current library | Date acquired | Total Checkouts | Barcode | Date last seen | Price effective from | Koha item type |
|---|---|---|---|---|---|---|---|---|---|---|
| Stonyhurst Southville International School (Batangas) | Stonyhurst Southville International School (Batangas) | 03/19/2016 | AV-069 | 03/19/2016 | 03/19/2016 | Audio Visual Materials |